Sports Quiz

Random Sports or Century Quiz

MLB Pitching Triple Crowns Quiz Stats

 Plays Quiz Updated Nov 8, 2019

Score 0/32 Timer 03:00
0 Plays Today
Year Pitcher % Correct
2002Randy Johnson
95.5%
2011Justin Verlander
95.3%
1913Walter Johnson
95.1%
1918Walter Johnson
95.1%
1924Walter Johnson
95.1%
2011Clayton Kershaw
89.6%
1963Sandy Koufax
87.9%
1965Sandy Koufax
87.9%
1966Sandy Koufax
87.9%
1999Pedro Martinez
87.4%
1997Roger Clemens
84.5%
1998Roger Clemens
84.5%
2006Johan Santana
82%
1985Dwight Gooden
78.7%
1901Cy Young
72.4%
2007Jake Peavy
71.7%
Year Pitcher % Correct
1972Steve Carlton
70.8%
1940Bob Feller
57.7%
1905Christy Mathewson
56.5%
1908Christy Mathewson
56.5%
1930Lefty Grove
43.6%
1931Lefty Grove
43.6%
1915Grover Alexander
38.3%
1916Grover Alexander
38.3%
1920Grover Alexander
38.3%
1934Lefty Gomez
32.2%
1937Lefty Gomez
32.2%
1945Hal Newhouser
28.7%
1905Rube Waddell
14.3%
1924Dazzy Vance
13.1%
1939Bucky Walters
7.8%
1918Hippo Vaughn
5.9%

You're not logged in!

Compare scores with friends on all Sporcle quizzes.
OR
Log In

Sporcle TV

Today on Sporcle TV


Watch our educational content, quiz creation guides, and fun videos on Sporcle TV.

Show Comments

Extras

Top Quizzes Today


Score Distribution

Your Account Isn't Verified!

In order to create a playlist on Sporcle, you need to verify the email address you used during registration. Go to your Sporcle Settings to finish the process.

Report this User

Report this user for behavior that violates our Community Guidelines.

Details: